Statistics for October 2nd: Birthdays

Click here to take the quiz!

General Stats

  • This quiz has been taken 5 times
  • The average score is 3 of 17

Answer Stats

YearClueAnswer% Correct
1869Indian Independence ActivistMahatma Gandhi
80%
1890Part of the Marx BrosGrouchro Marx
60%
1904Wrote Brighton RockGraham Greene
40%
1452King of England Richard III
40%
2002Artist of SweatshirtJacob Sartorius
20%
1847President of GermanyPaul von Hindenburg
20%
1951Actor in DuneSting
20%
1949PhotographerAnnie Leibovitz
0%
1900Famous Russian clownCoco the Clown
0%
1967Won French Open 1995
Thomas Muster
0%
1968Won Wimbledon 1998Jana Novotna
0%
1933Won Nobel Prize in Physiology or MedicineJohn B. Gurdon
0%
1963Co-Founder of RapplerMaria Ressa
0%
1800Leader of a major slave rebellion in 1831Nat Turner
0%
19351st African-American astronautRobert Henry Lawrence, Jr.
0%
1942Founder of NFL FilmsSteve Sabol
0%
1971Artist of I Think We're Alone NowTiffany Darwish
0%

Score Distribution

Percentile by Number Answered

Percent of People with Each Score

Your Score History

You have not taken this quiz